[Event "GRE-ch U18"]
[Site "Chania"]
[Date "2013.01.04"]
[Round "4.12"]
[White "Pavlidis, Pavlos"]
[Black "Valianos, Gerasimos"]
[Result "0-1"]
[WhiteElo "1444"]
[BlackElo "1682"]
[PlyCount "54"]
[EventDate "2013.01.02"]
[EventType "swiss"]
[EventRounds "9"]
[EventCountry "GRE"]
[SourceTitle "EXT 2024"]
[Source "ChessBase"]
[SourceDate "2023.10.10"]
[SourceVersion "1"]
[SourceVersionDate "2023.10.10"]
[SourceQuality "1"]

1. Nf3 Nf6 2. b3 e6 3. Bb2 d5 4. e3 c5 5. d4 Nc6 6. c4 Bd7 7. Bd3 cxd4 8. exd4 Bd6 9. 0-0 Qc7 10. Nc3 Ne7 11. Rc1 Bf4 12. Rc2 dxc4 13. Bxc4 Rc8 14. Ba3 Qa5 15. Bxe7 Kxe7 16. Ne2 Bd6 17. Ng3 Rhd8 18. Re1 Kf8 19. Ne4 Nxe4 20. Rxe4 b6 21. Bd3 Rxc2 22. Qxc2 Rc8 23. Qe2 Rc1+ 24. Ne1 Bb4 25. Kf1 Rxe1+ 26. Qxe1 Bxe1 27. Rxe1 Qxa2 0-1